000 00805nam a2200229 a 4500
001 BRCA_557
005 20190320203048.0
008 250805s1990----sp-a---f##---#000-0#spa-#
020 _a847630045x
050 4 _aNK1510
_b.D65 1990
100 1 _aDolmetsch, Heinrich
_91922
245 1 0 _aTesoros de la ornamentación
_cHeinrich Dolmetsch ; introducción de Hilary Young ; [traducción Pedro José Aguado Sáiz.
260 _aMadrid
_bLibsa
_c1990
300 _a186 p.
_bil. (a color)
_c34 cm.
440 0 _aBiblioteca básica de artes decorativas
_91923
500 _aIncluye índice temático
650 1 4 _aDecoración y ornamentación
_xHistoria
_91924
650 1 4 _aArtes decorativas
_xObras maestras
_91925
700 1 _aYoung, Hilary
_91926
700 1 _aAguado Sáiz, Pedro José
_91462
942 _2lcc
_cB
999 _c488
_d488